| 000 | 01083nam a2200253Ia 4500 | ||
|---|---|---|---|
| 003 | OSt | ||
| 005 | 20220923211054.0 | ||
| 006 | a|||||r|||| 00| 0 | ||
| 007 | ta | ||
| 008 | 220922b |||||||| |||| 00| 0 hin d | ||
| 020 |
_a8177143301 (hbk) _c400 |
||
| 024 | _a245,272 | ||
| 037 |
_b369, 11/02/2011, Swaraj Prakashan _cTextual |
||
| 040 |
_aARTS _cARTS _bhin |
||
| 041 |
_2hin _ahin |
||
| 082 | _aO152,1M65,11, P8 | ||
| 100 |
_a'हरिऔध' उपाध्याय, अयोध्यासिंह _9157880 |
||
| 245 | 0 |
_aप्रियप्रवास _b खड़ी - बोली का सर्वश्रेष्ठ महाकाव्य |
|
| 246 | _aPriyapravāsa: khaड़ī - bolī kā sarvashreṣhṭha hinākāvya | ||
| 260 |
_aनयी दिल्ली _b प्रकाशन संस्थान _c2008 |
||
| 300 |
_a288पृ. _ccm. |
||
| 942 |
_hO152,1M65,11, P8 _cTEXL _2CC |
||
| 999 |
_c294822 _d294822 |
||